00508nam a2200157 i 4500001000300000100002800003245007000031260002100101040000800122041000800130942000700138008004100145999001700186856009800203952004900301bg1 aMIETLIŃSKI, Zdzisław 0aObiekty technologiczne na placu budowy /cZdzisław Mietliński. aWarszawa,c1976. cBPK apol cKS s pl f |000 0 pol  c17058d17058 uhttp://koha.tu.koszalin.pl/cgi-bin/koha/opac-detail.pl?biblionumber=17058yKatalog online BPK 00104070aBPKbBPKcwo21632p01698640yKS